Physical chemistry: (Record no. 158176)

MARC details
000 -LEADER
fixed length control field 00627nam a22001937a 4500
005 - DATE AND TIME OF LATEST TRANSACTION
control field 20181018162446.0
010 ## - LCCN (DPL NO)
LC control number ENG-124331
020 ## - INTERNATIONAL STANDARD BOOK NUMBER
International Standard Book Number 9789353063634
Terms of availability 599.00
035 ## - SYSTEM CONTROL NUMBER
System control number EN-107863
037 ## - SOURCE OF ACQUISITION
Source of stock number/acquisition DBAD/PUB
082 ## - DEWEY DECIMAL CLASSIFICATION NUMBER
Classification number 541.28
100 ## - MAIN ENTRY--PERSONAL NAME
Personal name Cooksy, Andrew
245 ## - TITLE STATEMENT
Title Physical chemistry:
Statement of responsibility, etc by Andrew Cooksy
Remainder of title quantum chemistry and molecular interactions /
260 ## - PUBLICATION, DISTRIBUTION, ETC. (IMPRINT)
Place of publication, distribution, etc Noida
Name of publisher, distributor, etc Pearson
Date of publication, distribution, etc 2018
270 ## - ADDRESS
Address 15th Floor, Tower B, Worls Trade Tower, Plot No.1, Block -C
City Noida (UP)
Postal code 201301
300 ## - PHYSICAL DESCRIPTION
Extent xvi,575p.
Dimensions 27cm.(pbk)
Other physical details ill.
500 ## - GENERAL NOTE
General note It includes index
942 ## - ADDED ENTRY ELEMENTS (KOHA)
Source of classification or shelving scheme Dewey Decimal Classification
Item type English Books
Classification part 541.28
Call number suffix COO
Holdings
Withdrawn status Lost status Not for loan Collection code Home library Current library Date acquired Source of acquisition Cost, normal purchase price Full call number Barcode Copy number Cost, replacement price Koha item type
    Not For Loan Non-fiction D.B.Act.Division Bawana 18/10/2018 DBAD/PUB 599.00 541.28 COO EN-107863 1 599.00 English Books

© Delhi Public Library
Hit Counter
free hit counter